Normal view MARC view
  • Tak, Herman G. van der.

Entry Personal Name

Number of records used in: 4

001 - CONTROL NUMBER

  • control field: 3533

003 - CONTROL NUMBER IDENTIFIER

  • control field: NUST

005 - DATE AND TIME OF LATEST TRANSACTION

  • control field: 20170721162643.0

008 - FIXED-LENGTH DATA ELEMENTS

  • fixed length control field: 170721|| aca||aabn | a|a d

040 ## - CATALOGING SOURCE

  • Original cataloging agency: NUST
  • Transcribing agency: NUST

100 ## - HEADING--PERSONAL NAME

  • Personal name: Tak, Herman G. van der.

670 ## - SOURCE DATA FOUND

  • Source citation: Work cat.: (NUST)0: Tak, Herman G. van der., The economic choice between hydroelectric and thermal power developments,, [1966]
© 2023 Central Library, National University of Sciences and Technology. All Rights Reserved.